Normal view
MARC view
Entry Topical Term
001 - CONTROL NUMBER
- control field: 6280
003 - CONTROL NUMBER IDENTIFIER
- control field: OSt
005 - DATE AND TIME OF LATEST TRANSACTION
- control field: 20120109155408.0
008 - FIXED-LENGTH DATA ELEMENTS
- fixed length control field: 120109|||a|||||| | ||| d
040 ## - CATALOGING SOURCE
- Original cataloging agency: OSt
- Transcribing agency: OSt
150 ## - HEADING--TOPICAL TERM
- Topical term or geographic name as entry element: Human rights
- Geographic subdivision: Africa
- Form subdivision: Periodicals.
670 ## - SOURCE DATA FOUND
- Source citation: Work cat.: (OSt)4968: East African journal of peace & human rights. 2007 Vol.13, No.2, 2007-
